| 000 | 00682nam a22001937a 4500 | ||
|---|---|---|---|
| 999 |
_c172794 _d172794 |
||
| 005 | 20200213110212.0 | ||
| 010 | _aB-70266 | ||
| 020 |
_c250.00 _a- |
||
| 035 | _aB-70266 | ||
| 037 | _bBPPD | ||
| 082 | _a920 | ||
| 100 | _aمجتبی حسين | ||
| 245 |
_aمجتبی حسين کی بہتر ين تحر ير يں(جلد د و م ) _cمجتبی حسين |
||
| 246 |
_aMujtuba Hussain Ki Behtreen Tehreerain(Part-2) _bby Mujtuba Hussain |
||
| 260 |
_aDelhi _bEducational Publishing House _c2002 |
||
| 270 |
_a3108,Vakil Street,Kucha Pandit,Lal Kuan, _bDelhi _e110006 _k3216162 _l- _m- |
||
| 300 |
_a352 ص _c21 Cm.(P.b) |
||
| 942 |
_2ddc _cUR _h920 _mم ج ت |
||